Statistiken für Größte Städte Baden-Württembergs

Klicken Sie hier um das Quiz zu spielen!

Allgemein

  • Dieses Quiz wurde 48 mal gespielt
  • Das Durchschnittsergebnis liegt bei 20 aus 26

Antwortstatistiken

EinwohnerStadt% Korrekt
315.554Mannheim
100%
632.865Stuttgart
100%
236.140Freiburg
98%
308.707Karlsruhe
98%
128.928Ulm
96%
162.273Heidelberg
93%
57.025Baden-Baden
89%
127.849Pforzheim
87%
94.941Esslingen
80%
128.334Heilbronn
80%
94.157Ludwigsburg
80%
85.859Konstanz
78%
117.547Reutlingen
78%
92.811Tübingen
76%
61.670Offenburg
72%
62.932Friedrichshafen
70%
88.213Villingen-Schwenningen⁠
70%
51.460Böblingen
67%
51.310Rastatt
63%
51.482Ravensburg
61%
68.816Aalen
59%
59.053Göppingen
59%
64.995Sindelfingen
59%
62.325Schwäbisch-Gmünd
54%
50.025Heidenheim
43%
56.081Waiblingen
43%

Verteilung der Resultate

Perzentil nach korrekt beantworteten Fragen

Anzahl Personen mit jedem Resultat

Ihre Resultats-Entwicklung

Sie haben dieses Quiz noch nicht gespielt